000 00857nas a2200277 4500
001 BR2013002239
003 BR-BrBNA
005 20231205122055.0
007 ta
008 230509b bl.|||p| |||| 00| 00por d
040 _aBR-BrBNA
_bpor
_cBiblioteca Nacional de Agricultura
041 _a(Pt)
072 _aU10; L01
100 1 _aVargas, G.D.
100 1 _aDionello, N.L.
100 1 _abrum, P.A.R. de
100 1 _aRutz, F.
100 1 _aFialho, F.B.
245 1 _aMétodo de simulação do crescimento e desenvolvimento de frangos de corte: descrição e implementação
650 _aFRANGO DE CORTE
650 _aCRESCIMENTO
650 _aMODELO MATEMÁTICO
773 0 _tCiência Rural (Brazil)
_xISSN 0103-8478
_g(Mar-Apr 2005), v. 35(2) p. 440-445
_wBR2013002239
909 _a202311
_bLúcia
_c55
_dLúcia Elande
942 _2AGRIS
_n0
_cANA
999 _c226781
_d226781